Weather Terms Quiz Stats

 Plays Quiz Updated Aug 22, 2017

Support Sporcle.
Go Orange.
Score 0/24 Timer 07:00
7 Plays Today
% Correct
Smog
91.6%
Eye
90.6%
Solar energy
89.8%
Tropics
87.7%
Rainbow
87.3%
Indian summer
87%
Pollution
86.9%
Meteorology
86.8%
Hydrologic cycle
85.5%
Dew point
84.3%
Atmospheric Pressure
83.6%
Greenhouse effect
83.5%
% Correct
Flurry
82.9%
Dust devil
82.5%
Acid Rain
82.2%
Waterspout
80.8%
Jet stream
80.5%
Humidity
72.7%
Deposition
72.3%
Harmattan
69.9%
Occluded front
66.4%
Stationary front
66%
Polar front
65.9%
Cloud
64.3%

From the Vault

Mythology Bunker

by Bolafssonify

This quiz is divine.
Remove Ads.
Support Sporcle.
Get the best of Sporcle when you Go Orange. This ad-free experience offers more features, more stats, and more fun while also helping to support Sporcle. Thank you for becoming a member.

Show Comments

Extras

Top Quizzes Today


Score Distribution

Your Account Isn't Verified!

In order to create a playlist on Sporcle, you need to verify the email address you used during registration. Go to your Sporcle Settings to finish the process.

Report this User

Report this user for behavior that violates our Community Guidelines.

Details: